|
|
|
|
| LEADER |
01083nam a2200289 a 4500 |
| 001 |
36657 |
| 003 |
BD-DhAAL |
| 005 |
20240324141958.0 |
| 008 |
191121t1991 caua 001 0 eng d |
| 010 |
|
|
|a 90083733
|
| 020 |
|
|
|a 0155188631
|
| 040 |
|
|
|a DLC
|c DLC
|d BD-DhAAL
|
| 050 |
0 |
0 |
|a HB171.5
|b .B322 1991
|
| 082 |
0 |
0 |
|a 330
|2 23
|
| 100 |
1 |
|
|a Baumol, William J.
|9 37510
|
| 245 |
1 |
0 |
|a Economics :
|b principles and policy /
|c William J. Baumol, Alan S. Blinder.
|
| 250 |
|
|
|a Fifth edition
|
| 260 |
|
|
|a San Diego :
|b Harcourt Brace Jovanovich,
|c c1991.
|
| 300 |
|
|
|a xxxi, 892, 8, 12 pages :
|b illustrations ;
|c 26 cm.
|
| 500 |
|
|
|a Includes index.
|
| 526 |
|
|
|a ESS
|
| 541 |
|
|
|a Complimentary copy from Professor Dr. Nasreen Khundker
|e 36657
|
| 650 |
|
0 |
|a Economics.
|9 37511
|
| 852 |
|
|
|a Ayesha Abed Library
|c General Stacks
|
| 942 |
|
|
|2 ddc
|c BK
|
| 999 |
|
|
|c 41877
|d 41877
|
| 952 |
|
|
|0 0
|1 0
|2 ddc
|4 0
|6 330_000000000000000_BAU
|7 0
|9 67253
|a BRACUL
|b BRACUL
|c GEN
|d 2019-11-21
|e Complimentary copy from Professor Dr. Nasreen Khundker
|l 2
|m 43
|o 330 BAU
|p 3010036657
|r 2024-06-12
|s 2024-02-03
|t 1
|w 2019-11-21
|y BK
|